|
|
|
|
| LEADER |
03393nam a2200613 4500 |
| 001 |
ocn714799120 |
| 003 |
OCoLC |
| 005 |
20170124071852.2 |
| 006 |
m o d |
| 007 |
cr cn||||||||| |
| 008 |
110426s2010 gw a ob 001 0 eng d |
| 040 |
|
|
|a DG1
|b eng
|e pn
|c DG1
|d YDXCP
|d MYG
|d Y8N
|d EBLCP
|d CDX
|d OCLCQ
|d OCLCF
|d OCLCA
|d OCLCQ
|d N$T
|d MERUC
|d E7B
|d DEBSZ
|d OCLCQ
|d COO
|d OCLCQ
|d DEBBG
|d D6H
|d OCLCQ
|d GrThAP
|
| 019 |
|
|
|a 773025776
|a 778459097
|a 963797003
|
| 020 |
|
|
|a 9783527634194
|q (electronic bk.)
|
| 020 |
|
|
|a 3527634193
|q (electronic bk.)
|
| 020 |
|
|
|a 9783527634217
|q (electronic bk.)
|
| 020 |
|
|
|a 3527634215
|q (electronic bk.)
|
| 020 |
|
|
|z 9783527325481
|
| 020 |
|
|
|z 3527325484
|
| 024 |
8 |
|
|a 9786613370501
|
| 029 |
1 |
|
|a AU@
|b 000047497184
|
| 029 |
1 |
|
|a DEBBG
|b BV043393021
|
| 029 |
1 |
|
|a DEBSZ
|b 430997140
|
| 029 |
1 |
|
|a NZ1
|b 14258175
|
| 029 |
1 |
|
|a NZ1
|b 15340692
|
| 029 |
1 |
|
|a NZ1
|b 16062196
|
| 035 |
|
|
|a (OCoLC)714799120
|z (OCoLC)773025776
|z (OCoLC)778459097
|z (OCoLC)963797003
|
| 037 |
|
|
|a 10.1002/9783527634194
|b Wiley InterScience
|n http://www3.interscience.wiley.com
|
| 050 |
|
4 |
|a TJ808
|b .R46 2010
|
| 072 |
|
7 |
|a TEC
|x 031000
|2 bisacsh
|
| 082 |
0 |
4 |
|a 621.042
|2 22
|
| 049 |
|
|
|a MAIN
|
| 245 |
0 |
0 |
|a Renewable raw materials :
|b new feedstocks for the chemical industry /
|c edited by Roland Ulber, Dieter Sell, Thomas Hirth.
|
| 264 |
|
1 |
|a Weinheim :
|b Wiley-VCH ;
|c 2010.
|
| 264 |
|
2 |
|a Chichester :
|b John Wiley [distributor],
|c 2010.
|
| 300 |
|
|
|a 1 online resource (xiii, 229 pages) :
|b illustrations
|
| 336 |
|
|
|a text
|b txt
|2 rdacontent
|
| 337 |
|
|
|a computer
|b c
|2 rdamedia
|
| 338 |
|
|
|a online resource
|b cr
|2 rdacarrier
|
| 505 |
0 |
|
|a Introduction to Renewable Resources in the Chemical Industry / Roland Ulber, Kai Muffler, Nils Tippk̲tter, Thomas Hirth, Dieter Sell -- Plants as Bioreactors: Production and Use of Plant-Derived Secondary Metabolites, Enzymes, and Pharmaceutical Proteins / Peter C Morris, Peter Welters, Bernward Garthoff -- World Agricultural Capacity / John K Hughes -- Logistics of Renewable Raw Materials / Magnus Fr̲hling, J̲rg Schweinle, J̲rn-Christian Meyer, Frank Schultmann -- Existing Value Chains / Christoph Syldatk, Georg Schaub, Ines Schulze, Dorothea Ernst, Anke Neumann -- Future Biorefineries / Abbas Kazmi, James Clark -- Economic and Social Implications of the Industrial Use of Renewable Raw Materials / Antonio Lopolito, Maurizio Prosperi, Roberta Sisto, Pasquale Pazienza -- Biobased Products ₆ Market Needs and Opportunities / Rainer Busch -- Life-Cycle Analysis of Biobased Products / Liselotte Schebek -- Conclusion / Roland Ulber, Thomas Hirth, Dieter Sell.
|
| 504 |
|
|
|a Includes bibliographical references and index.
|
| 588 |
0 |
|
|a Print version record.
|
| 650 |
|
0 |
|a Renewable energy sources.
|
| 650 |
|
7 |
|a TECHNOLOGY & ENGINEERING
|x Power Resources
|x General.
|2 bisacsh
|
| 650 |
|
7 |
|a Renewable energy sources.
|2 fast
|0 (OCoLC)fst01094570
|
| 655 |
|
4 |
|a Electronic books.
|
| 655 |
|
7 |
|a Electronic books.
|2 local
|
| 700 |
1 |
|
|a Ulber, Roland.
|
| 700 |
1 |
|
|a Sell, Dieter.
|
| 700 |
1 |
|
|a Hirth, Thomas,
|c Prof. Dr.
|
| 710 |
2 |
|
|a Wiley InterScience (Online service)
|
| 776 |
0 |
8 |
|i Print version:
|t Renewable raw materials.
|d Weinheim : Wiley-VCH ; Chichester : John Wiley [distributor], 2010
|z 9783527325481
|w (OCoLC)551431027
|
| 856 |
4 |
0 |
|u https://doi.org/10.1002/9783527634194
|z Full Text via HEAL-Link
|
| 994 |
|
|
|a 92
|b DG1
|